00586nam a2200169 450000500170000001000150001702000260003203500140005803700130007208200080008510000210009324501150011426000350022927000790026430000230034350000500036620191113130456.0 aENG-126881 a9788178245416c795.00 aEN-110413 bDBAD/PUB a840 aDubrow, Jennifer aCosmopolitan dreams :bthe making of modern urdu literary culture in colonial South Asia /cby Jennifer Dubrow aLucknowbPermanent Blackc2018 aHimalyana, Mall Road, Ranikhet CanttbRanikhete263645mperblack@gmail.com axv;175p.c22cm(Hb) aIncludes bibliographical references and index